REPRODUCTIVE ENDOCRINOLOGY PHYSIOLOGY PATHOPHYSIOLOGY AND CLINICAL MANAGEMENT (Record no. 13580)

MARC details
000 -LEADER
fixed length control field 00479nam a22001697a 4500
003 - CONTROL NUMBER IDENTIFIER
control field OSt
005 - DATE AND TIME OF LATEST TRANSACTION
control field 20211020094042.0
008 - FIXED-LENGTH DATA ELEMENTS--GENERAL INFORMATION
fixed length control field 211020b |||||||| |||| 00| 0 eng d
020 ## - INTERNATIONAL STANDARD BOOK NUMBER
International Standard Book Number 0-7216-3206-8
040 ## - CATALOGING SOURCE
Original cataloging agency DDC
Transcribing agency HU
082 ## - DEWEY DECIMAL CLASSIFICATION NUMBER
Edition number 3RD
Classification number 612.6
Item number 4
100 ## - MAIN ENTRY--PERSONAL NAME
Personal name YEN SAMUEL S.C.
9 (RLIN) 14459
245 ## - TITLE STATEMENT
Title REPRODUCTIVE ENDOCRINOLOGY PHYSIOLOGY PATHOPHYSIOLOGY AND CLINICAL MANAGEMENT
250 ## - EDITION STATEMENT
Edition statement 3RD
260 ## - PUBLICATION, DISTRIBUTION, ETC.
Place of publication, distribution, etc. PHILADELPHIA
Name of publisher, distributor, etc. W.B.SAUNDERS COMPANY
Date of publication, distribution, etc. 1991
942 ## - ADDED ENTRY ELEMENTS (KOHA)
Source of classification or shelving scheme Dewey Decimal Classification
Koha item type Books like text book referance book
Suppress in OPAC No
Holdings
Withdrawn status Lost status Source of classification or shelving scheme Damaged status Not for loan Home library Current library Date acquired Total Checkouts Full call number Barcode Date last seen Copy number Price effective from Koha item type
    Dewey Decimal Classification     College of Medicine and Health’s Sciences Library College of Medicine and Health’s Sciences Library 10/20/2021   612.6-1991 CMHSL00003230 10/20/2021 1 10/20/2021 Books like text book referance book
    Dewey Decimal Classification     College of Medicine and Health’s Sciences Library College of Medicine and Health’s Sciences Library 10/20/2021   612.6-1991 CMHSL00003231 10/20/2021 2 10/20/2021 Books like text book referance book
    Dewey Decimal Classification     College of Medicine and Health’s Sciences Library College of Medicine and Health’s Sciences Library 10/20/2021   612.6-1991 CMHSL00003232 10/20/2021 3 10/20/2021 Books like text book referance book
    Dewey Decimal Classification     College of Medicine and Health’s Sciences Library College of Medicine and Health’s Sciences Library 10/20/2021   612.6-1991 CMHSL00003233 10/20/2021 4 10/20/2021 Books like text book referance book